000 00597nam a2200193Ia 4500
003 IN-BaIIA
008 211028s9999 xx 000 0 eng d
020 _a90-277-2144-0
040 _cIIA Library
080 _a524.1-6
_bCOS
245 0 _aCosmic radiation in contemporary astrophysics
_cedited by Maurice M. Shapiro
260 _aDordrecht
_bD. Reidel Publishing
_c1986
300 _aviii, 274p.
650 _aAstronomy and astrophysics thesaurus
650 _aAstrophysics
_9794
650 _aCosmic rays
700 _aShapiro, Maurice M., ed.
_913990
942 _cBK
999 _c8835
_d8835